000 00438nam a22001817a 4500
003 LK-CoDNM
005 20250103143148.0
008 241220b |||||||| |||| 00| 0 eng d
040 _aLK-CoDNM
_dLK-CoDNM
_eLK-CoDNM
041 _aeng
080 _a4
_bA16
100 _aCUVIER,B
245 _aHistorie naturelle des poissons
260 _aparis
_c1842
300 _axviij, 565p. : ill ; 24 cm
650 _ascience
942 _cBK
999 _c234829
_d234829